Statistics for Palindrones (easy)

Click here to take the quiz!

General Stats

  • This quiz has been taken 2,944 times
    (2,943 since last reset)
  • The average score is 7 of 14

Answer Stats

Hint Answer % Correct
mothermom
95%
fatherdad
94%
another name for sodapop
81%
_______ MontanaHannah
78%
a light canoekayak
77%
more redredder
68%
A small child; tatertot
65%
term of address for a womanmadam
64%
to perform alone (plural)solos
58%
___ for applesbob
32%
body-lifting movementpullup
15%
Pertaining to citiescivic
13%
to direct attentionrefer
2%
a soil-tilling machinerotavator
1%

Score Distribution

Percentile by Number Answered

Percent of People with Each Score

Your Score History

You have not taken this quiz since the last reset